000 00202 a2200097 4500
020 _a9780448451091
041 _aspa
100 _aWatty Piper
245 _aLa pequeą locomotora que si pudo
942 _cK
999 _c28103
_d28103